Why I Write (Record no. 41164)

MARC details
000 -LEADER
fixed length control field 00244nam a2200109Ia 4500
008 - FIXED-LENGTH DATA ELEMENTS--GENERAL INFORMATION
fixed length control field 240719s9999 xx 000 0 und d
041 ## - LANGUAGE CODE
Language code of text/sound track or separate title eng
082 ## - DEWEY DECIMAL CLASSIFICATION NUMBER
Classification number 828 ORW
100 ## - MAIN ENTRY--PERSONAL NAME
Personal name Orwell, George
245 ## - TITLE STATEMENT
Title Why I Write
260 ## - PUBLICATION, DISTRIBUTION, ETC.
Place of publication, distribution, etc. London
Name of publisher, distributor, etc. Penguin,
Holdings
Withdrawn status Lost status Damaged status Not for loan Home library Current library Shelving location Date acquired Total Checkouts Full call number Barcode Date last seen Date last checked out Price effective from Koha item type Public note
        IMTN IMTN Rack 43-A 04/10/2022 1 828 ORW 32859 10/13/2024 10/03/2024 07/19/2024 Books Gifted
Designed & Maintained by: LRC IMT Nagpur Contact: lrc@imtnag.ac.in© 2024. All Rights Reserved.